000 00389nam a22001697a 4500
005 20160625103859.0
008 160625b xxu||||| |||| 00| 0 eng d
020 _a81-229-0171-9
041 _aeng
082 _b9995
100 _aCropp, Fritz and others
_92735
245 _aJournalism
260 _bSurjeet
_c2004
300 _a237
650 _aMass Communication
_92660
942 _cBK
999 _c3940
_d3939